| 000 | 00399nam a22001697a 4500 | ||
|---|---|---|---|
| 003 | MACL | ||
| 005 | 20160116164439.0 | ||
| 008 | 160116b xxu||||| |||| 00| 0 eng d | ||
| 040 | _cMACL | ||
| 041 | _aEnglish | ||
| 082 | _a954/SIN | ||
| 100 |
_aSingh,Ranbir _933005 |
||
| 245 | _aEternal Principles of War | ||
| 260 |
_aDelhi _bKritika Books _c2010 |
||
| 650 |
_aHistory _933006 |
||
| 942 |
_2ddc _cBK |
||
| 999 |
_c52707 _d52707 |
||